Największe gospodarki 2021 - Statystyki

Ogólne statystyki
  • Ten quiz został rozwiązany 183 razy
  • Średni wynik to 40 z 50
Statystyki odpowiedzi
PKB Kraj % Poprawnych
17,228,397 Chiny
99%
4,335,205 Niemcy
99%
23,059,653 Stany Zjednoczone
99%
695,187 Polska
98%
1,724,617 Rosja
96%
2,156,496 Brazylia
95%
2,981,601 Francja
95%
5,807,520 Japonia
95%
3,027,128 Wielka Brytania
95%
1,559,902 Hiszpania
93%
3,577,316 Indie
93%
1,925,551 Kanada
92%
2,142,457 Włochy
91%
725,108 Szwecja
90%
574,690 Argentyna
88%
1,550,575 Australia
87%
345,230 Egipt
87%
1,358,368 Meksyk
87%
449,897 Norwegia
87%
992,120 Holandia
85%
1,831,937 Korea Południowa
85%
259,228 Portugalia
85%
1,305,733 Indonezja
84%
300,441 Finlandia
83%
574,690 Belgia
82%
771,958 Szwajcaria
81%
929,823 Turcja
81%
817,447 Arabia Saudyjska
80%
403,422 Republika Południowej Afryki
79%
502,028 Austria
75%
329,797 Chile
75%
272,480 Czechy
75%
379,881 Dania
75%
515,317 Iran
73%
551,067 Nigeria
73%
428,081 Irlandia
71%
372,692 Kolumbia
69%
314,828 Pakistan
69%
257,585 Peru
69%
469,501 Zjednoczone Emiraty Arabskie
69%
306,008 Wietnam
66%
259,534 Irak
64%
577,886 Tajlandia
64%
281,732 Rumunia
62%
425,999 Izrael
59%
431,537 Malezja
57%
670,644 Tajwan
55%
410,863 Singapur
54%
374,653 Bangladesz
52%
424,064 Filipiny
49%
Nie znaleziono quizów pasujących do podanych kryteriów
Rozkład punktacji
Procent ludzi z każdym wynikiem
Percentyl według liczby udzielonych odpowiedzi
Twoja historia wyników
Nie rozwiązałeś tego quizu